Bài toán ngược và phương pháp chỉnh hóa thưa

Uloženo v:
Podrobná bibliografie
Hlavní autor: Phạm Quí Mười (Chủ nhiệm đề tài)
Médium: Kniha
Vydáno: 2013
Tagy: Přidat tag
Žádné tagy, Buďte první, kdo otaguje tento záznam!
Thư viện lưu trữ: Mạng thư viện Đại học Đà Nẵng
LEADER 00697nam a2200229 4500
001 000021079
003 17526
005 20150403140455.0
008 150403s2013 sd
100 1 |a Phạm Quí Mười  |e Chủ nhiệm đề tài 
245 1 0 |a Bài toán ngược và phương pháp chỉnh hóa thưa  |c Lê Thị Mai 
260 |c 2013 
500 |a Đề tài NCKH cấp Đại học Đà Nẵng . Mã số : Đ 2013-03-40 
OWN |a LSP 
999 |a From the UDN01 
TYP |a Mixed Materials 
TYP |a Monograph 
TYP |a Printed language 
980 |a Mạng thư viện Đại học Đà Nẵng